000 00381 a2200157 4500
001 62917
020 _a9788578481827
040 _cAnchieta - Pituba
100 _aSouza, Geni
240 1 0 _aPrincesas, bruxas e uma sardinha na brasa
_lpor
245 1 0 _aPrincesas, bruxas e uma sardinha na brasa
300 _a132
362 0 _a2017
650 4 _aLiteratura juvenil
942 _cBK
999 _c62917
_d62917